Guess the person 3 - Statistics

General Stats
  • This quiz has been taken 28 times
  • The average score is 7 of 16
Answer Stats
Picture Answer % Correct
Celine Dion
82%
Billie Eilish
79%
Andrew Tate
68%
Oprah
68%
James Charles
64%
Ryan Reynold
61%
Marie Curie
57%
KSI
54%
Gary Lineker
36%
Charles Dickens
29%
Anthony Albanese
21%
Rodrygo
21%
David Gilmour
14%
Ingrid Alexandra
7%
Ada Lovelace
0%
Amancio Ortega
0%
No matching quizzes found
Score Distribution
Percent of People with Each Score
Percentile by Number Answered
Your Score History
You have not taken this quiz